000 00960cam a22003017a 4500
003 CHAP
005 20220817041221.0
008 971013s1992 r 00010 d
010 _a8899
011 _a9871
035 _a9107
040 _cCHAP
082 _a631.5
_bB68
100 0 0 _aBowler, Ian R.
_eed.
_914831
245 1 4 _aThe geography of agriculture in developed market economics
260 _aNew York :
_bLongman Scientific & Technical,
_c1992
300 _a317 p.
590 _aBATCH-UPD
_b10
_c20130110
_lUCH01
_h1329
590 _aBATCH-UPD
_b10
_c20130410
_lUCH01
_h0835
590 _aBATCH-UPD
_b10
_c20130914
_lUCH01
_h1539
590 _aCONVERSION
_b10
_c20130109
_lUCH01
_h1306
650 1 4 _aAgricultura
_xAspectos económicos.
650 1 4 _aGeografía agrícola.
_947568
650 1 4 _aIndustrias agrícolas.
_957925
901 _aBK
942 _cLIBRO
949 _a631.5 B68
_bBC
_cLIBRO
_d33724000080735
_eLIBRO
_gI.168106
_h84097
_i9107
_si
_t188.00
999 _c8899
_d8899